Top 100 des plus grandes villes d’Italie - Statistiques

Statistiques générales
  • Ce quiz a été pris 121 fois
  • Le résultat moyen est 18 sur 100
Statistiques - réponses
Population Villes % Correct
2 837 332 Rome
98%
1 396 059 Milan
95%
870 952 Turin
90%
259 150 Venise
79%
962 589 Napoli
77%
390 625 Bologne
68%
574 090 Genes
68%
657 960 Palermo
57%
198 292 Parme
57%
322 316 Bari
55%
153 231 Cagliari
51%
372 038 Firenze
50%
121 781 Bergame
44%
259 608 Verona
43%
91 393 Pisa
42%
96 534 Lecce
40%
203 234 Trieste
40%
99 051 Udine
35%
199 579 Brescia
33%
311 402 Catania
31%
85 915 Como
29%
212 395 Padoue
29%
120 405 Syracuse
29%
229 565 Messina
27%
151 200 Rimini
26%
93 288 La Spezia
25%
124 051 Monza
25%
195 227 Tarante
24%
186 830 Modena
22%
119 800 Pescara
21%
166 969 Perouse
19%
100 282 Ancone
18%
132 702 Salerno
17%
157 024 Livourne
16%
107 407 Bolzano
15%
158 058 Ravenna
15%
72 672 Crémone
14%
62 449 Croton
13%
69 710 L’Aquila
13%
103 985 Novara
13%
104 315 Plaisance
13%
118 902 Trento
13%
132 195 Ferrare
11%
90 055 Lucca
11%
126 218 Sassari
10%
88 313 Catanzaro
9%
129 133 Latina
9%
73 334 Pavia
9%
67 141 Trapani
9%
75 528 Asti
8%
194 913 Prato
8%
110 530 Terni
8%
80 645 Varese
8%
66 457 Cosenza
7%
70 000 Imola
7%
178 760 Reggio Calabre
7%
111 764 Vicence
7%
93 634 Alexandria
6%
99 258 Arezzo
6%
72 627 Carpi
6%
74 450 Caserta
6%
73 409 Dubrovnik
6%
82 378 Grosseto
6%
82 456 Marsala
6%
172 124 Reggio Émilie
6%
118 000 Forlì
5%
74 075 Gel
5%
85 760 Treviso
5%
67 384 Viterbe
5%
99 307 Andria
4%
94 316 Barletta
4%
96 832 Pesaro
4%
61 331 Caltanissetta
3%
62 146 Carrara
3%
97 190 Césène
3%
90 677 Pistoie
3%
6 989 Viareggio
3%
64 354 Afragola
2%
70 563 Altamura
2%
74 961 Aprilia
2%
76 205 Casoria
2%
83 987 Torre del Greco
2%
65 300 Castellammare di Stabia
1%
80 074 Pozzuoli
1%
70 352 Quartu Sant’Elena
1%
66 459 Alimentation
0%
76 264 Baume Cinisello
0%
83 909 Buste Arsízio
0%
77 096 Corigliano-Rossano
0%
81 718 Fiuminino
0%
125 058 Giugliano en Campanie
0%
90 457 Guidona Montecello
0%
63 623 Ils Vigevano
0%
149 904 Images
0%
85 881 Pain Grillé
0%
68 514 Pâtes
0%
64 417 Pomezie
0%
81 841 Sixième San Giovanni
0%
70 187 Terme Lamezia
0%
63 740 Win
0%
Aucun quiz correspondant
Distribution des résultats
% des personnes avec chaque résultat
Percentile par nombre de réponses
Votre historique - résultats
Vous n’avez pas pris ce quiz